<?xml version="1.0" encoding="UTF-8"?>
<collection xmlns="http://www.loc.gov/MARC21/slim">
 <record>
  <leader>01796nam a22002417a 4500</leader>
  <controlfield tag="001">NCT_57410</controlfield>
  <controlfield tag="008">190112b        xxu||||| |||| 00| 0 vie d</controlfield>
  <datafield tag="999" ind1=" " ind2=" ">
   <subfield code="c">2774</subfield>
   <subfield code="d">2774</subfield>
  </datafield>
  <datafield tag="020" ind1=" " ind2=" ">
   <subfield code="a">9786049029578</subfield>
   <subfield code="c">51000</subfield>
  </datafield>
  <datafield tag="082" ind1="0" ind2="4">
   <subfield code="2">23rd ed.</subfield>
   <subfield code="a">306.409597</subfield>
   <subfield code="b">Ph561</subfield>
  </datafield>
  <datafield tag="245" ind1="0" ind2="0">
   <subfield code="a">Văn hóa hội nhập</subfield>
   <subfield code="c">Nguyễn Thị Quỳnh Phương (biên soạn)</subfield>
  </datafield>
  <datafield tag="260" ind1=" " ind2=" ">
   <subfield code="a">H.</subfield>
   <subfield code="b">Khoa học xã hội</subfield>
   <subfield code="c">2016</subfield>
  </datafield>
  <datafield tag="300" ind1=" " ind2=" ">
   <subfield code="a">204 tr.</subfield>
   <subfield code="c">21cm</subfield>
  </datafield>
  <datafield tag="520" ind1="3" ind2=" ">
   <subfield code="a">Sách sẽ giúp cho người đọc có cái nhìn tổng quát, hệ thống về tiến trình hội nhập văn hóa, thực trạng văn hóa Việt Nam trong giai đoạn hiện nay từ đó xác định được những giải pháp giữ gìn, bảo vệ văn hóa dân tộc trước làn sóng toàn cầu hóa.</subfield>
  </datafield>
  <datafield tag="653" ind1=" " ind2=" ">
   <subfield code="a">Quản trị kinh doanh</subfield>
  </datafield>
  <datafield tag="700" ind1="1" ind2=" ">
   <subfield code="a">Nguyễn Thị Quỳnh Phương </subfield>
   <subfield code="e">Biên soạn</subfield>
  </datafield>
  <datafield tag="942" ind1=" " ind2=" ">
   <subfield code="2">ddc</subfield>
   <subfield code="c">BK</subfield>
  </datafield>
  <datafield tag="952" ind1=" " ind2=" ">
   <subfield code="0">0</subfield>
   <subfield code="1">0</subfield>
   <subfield code="2">ddc</subfield>
   <subfield code="4">0</subfield>
   <subfield code="6">306_409597000000000_PH561</subfield>
   <subfield code="7">0</subfield>
   <subfield code="9">15205</subfield>
   <subfield code="a">000001</subfield>
   <subfield code="b">000001</subfield>
   <subfield code="d">2019-01-12</subfield>
   <subfield code="o">306.409597 Ph561</subfield>
   <subfield code="p">MD.14076</subfield>
   <subfield code="r">2019-01-12</subfield>
   <subfield code="v">51000.00</subfield>
   <subfield code="w">2019-01-12</subfield>
   <subfield code="y">BK</subfield>
  </datafield>
  <datafield tag="952" ind1=" " ind2=" ">
   <subfield code="0">0</subfield>
   <subfield code="1">0</subfield>
   <subfield code="2">ddc</subfield>
   <subfield code="4">0</subfield>
   <subfield code="6">306_409597000000000_PH561</subfield>
   <subfield code="7">0</subfield>
   <subfield code="9">15206</subfield>
   <subfield code="a">000001</subfield>
   <subfield code="b">000001</subfield>
   <subfield code="d">2019-01-12</subfield>
   <subfield code="o">306.409597 Ph561</subfield>
   <subfield code="p">MD.14077</subfield>
   <subfield code="r">2019-01-12</subfield>
   <subfield code="v">51000.00</subfield>
   <subfield code="w">2019-01-12</subfield>
   <subfield code="y">BK</subfield>
  </datafield>
  <datafield tag="952" ind1=" " ind2=" ">
   <subfield code="0">0</subfield>
   <subfield code="1">0</subfield>
   <subfield code="2">ddc</subfield>
   <subfield code="4">0</subfield>
   <subfield code="6">306_409597000000000_PH561</subfield>
   <subfield code="7">0</subfield>
   <subfield code="9">15207</subfield>
   <subfield code="a">000001</subfield>
   <subfield code="b">000001</subfield>
   <subfield code="d">2019-01-12</subfield>
   <subfield code="o">306.409597 Ph561</subfield>
   <subfield code="p">MD.14078</subfield>
   <subfield code="r">2019-01-12</subfield>
   <subfield code="v">51000.00</subfield>
   <subfield code="w">2019-01-12</subfield>
   <subfield code="y">BK</subfield>
  </datafield>
  <datafield tag="952" ind1=" " ind2=" ">
   <subfield code="0">0</subfield>
   <subfield code="1">0</subfield>
   <subfield code="2">ddc</subfield>
   <subfield code="4">0</subfield>
   <subfield code="6">306_409597000000000_PH561</subfield>
   <subfield code="7">0</subfield>
   <subfield code="9">15208</subfield>
   <subfield code="a">000001</subfield>
   <subfield code="b">000001</subfield>
   <subfield code="d">2019-01-12</subfield>
   <subfield code="o">306.409597 Ph561</subfield>
   <subfield code="p">MD.14079</subfield>
   <subfield code="r">2020-10-16</subfield>
   <subfield code="v">51000.00</subfield>
   <subfield code="w">2019-01-12</subfield>
   <subfield code="y">BK</subfield>
  </datafield>
  <datafield tag="952" ind1=" " ind2=" ">
   <subfield code="0">0</subfield>
   <subfield code="1">0</subfield>
   <subfield code="2">ddc</subfield>
   <subfield code="4">0</subfield>
   <subfield code="6">306_409597000000000_PH561</subfield>
   <subfield code="7">0</subfield>
   <subfield code="9">15209</subfield>
   <subfield code="a">000001</subfield>
   <subfield code="b">000001</subfield>
   <subfield code="d">2019-01-12</subfield>
   <subfield code="o">306.409597 Ph561</subfield>
   <subfield code="p">MD.14080</subfield>
   <subfield code="r">2019-01-12</subfield>
   <subfield code="v">51000.00</subfield>
   <subfield code="w">2019-01-12</subfield>
   <subfield code="y">BK</subfield>
  </datafield>
  <datafield tag="980" ind1=" " ind2=" ">
   <subfield code="a">Thư viện Trường Đại học Nam Cần Thơ</subfield>
  </datafield>
 </record>
</collection>
